00394nam a2200157Ia 4500008004100000020001500041041001200056082001600068100001900084245006000103250000800163260002500171300000800196650001400204700001800218221030s9999 xx 000 0 und d a8120327543 aEnglish a105.23bPfl aC. P. Pfleeger 0aSecurity in Computingcby C. P. Pfleeger, S.L. Pfleeger a2nd bPHIaNew Delhic2006 a793 aComputers aS.L. Pfleeger